| 000 | 00430cam a2200169ua 4500 | ||
|---|---|---|---|
| 020 | _cRs 2.00 | ||
| 041 |
_amal _h |
||
| 082 |
_a894.8124 _bGOV/NI |
||
| 100 | _aGovindankutty Nair, Ullattil . | ||
| 245 |
_aNiseedhini / _cUllattil Govindankutty Nair. _hTextual Documents |
||
| 260 |
_aCalicut : _bP.K Brothers , _c1966. |
||
| 300 | _a130 ; . | ||
| 365 | _aRs 2.00 | ||
| 504 | _a | ||
| 942 | _cBK | ||
| 999 |
_c4804 _d4804 |
||